|
|
|
|
| LEADER |
00000nab#a22000007a#4500 |
| 001 |
arbauad003761 |
| 003 |
AR-BaUAD |
| 005 |
20250711110608.0 |
| 008 |
940304|||||||||###||||||b###|0###a|spa|| |
| 040 |
|
|
|a AR-BaUAD
|c AR-BaUAD
|b spa
|
| 100 |
|
|
|a Castex, Jean
|
| 245 |
|
|
|a De Louis Kahn a Robert Venturi /
|c Jean Castex; Philippe Panerai;
|
| 300 |
0 |
|
|b fot., plantas
|
| 653 |
|
|
|a VIVIENDAS UNIFAMILIARES
|
| 653 |
|
|
|a EXPERIMENTACION
|
| 653 |
|
|
|a TIPOLOGIAS
|
| 653 |
|
|
|a TEORIA
|
| 653 |
|
|
|a CASA ADLER
|
| 653 |
|
|
|a PROYECTOS
|
| 653 |
|
|
|a CASA CRITES
|
| 653 |
|
|
|a CASA ESHERICK
|
| 653 |
|
|
|a CASA JEWELL
|
| 653 |
|
|
|a CASA FISHER
|
| 653 |
|
|
|a CASA MEISS
|
| 653 |
|
|
|a KAHN, LOUIS
|
| 653 |
|
|
|a VENTURI, ROBERT
|
| 653 |
|
|
|a CRITICA DE LA ARQUITECTURA
|
| 700 |
1 |
|
|a Panerai, Philippe
|
| 773 |
0 |
|
|t SUMMA
|g no. 67 [sep. 1973], p. 52-57
|
| 942 |
|
|
|c ARTI
|
| 952 |
|
|
|0 0
|1 0
|4 0
|7 0
|9 48681
|a AR-BAuAD
|b AR-BAuAD
|d 2025-07-11
|l 0
|p AAQA003761
|r 2025-07-11 11:06:08
|w 2025-07-11
|y ARTI
|
| 990 |
|
|
|a AQ197
|b TD
|
| 998 |
|
|
|a AAQ
|b BIBUN76
|
| 999 |
|
|
|c 28354
|d 28354
|